000 02470nam a2200241Ii 4500
008 221202s xx 000 0 und d
100 1 _aedwards, kari,
_eauthor
245 0 _adôNrm'-lä-püsl
264 1 _aBrooklyn, NY
_bpunctum books
_c2017
300 _a1 online resource (102 pages)
336 _atext
_btxt
_2rdacontent
337 _acomputer
_bc
_2rdamedia
338 _aonline resource
_bcr
_2rdacarrier
520 _aThere have been many iterations of the Joan of Arc story: “testimonies,” books, and films have attempted to capture the drama of one of history’s most famous gender warriors. But few, if any, have been undertaken by an author who met her subject matter with such recognition and insight, a fellow warrior, a rebel in kind. kari edwards, a transgender activist and key figure in the Bay Area experimental writing scene of the late 1990s and early 2000s, was provocative and prescient in her concern for the way that language inflects, inflicts, and regulates gender norms. Her persistent efforts to break linguistic binaries and barriers have given her texts an ongoing urgency after her untimely death in 2006. This book brings to life an important document discovered in the late poet’s archive at the Poetry Collection at the University of Buffalo. The several notebooks and partial typescript (as well as various plans and notes) of edwards’ unfinished dôNrm’-lä-püsl, uncovered by Tina Žigon, offer an intriguing glimpse of a major new direction in edwards’ work, one in which her avant-garde instincts are channeled through rigorous research on this medieval figure. In this retelling : better to say “remixing” : of Joan of Arc’s fateful trial and martyrdom, we find the major theme so richly laced throughout edwards’ oeuvre: the courageous (but also depressingly mundane) struggle against the stifling regulation of language, appearance, and norms. edwards’s Joan of Arc, even in its incomplete and abbreviated form (which Žigon calls a “possible version” of edwards’s manuscript), offers an exciting engagement with one of the medieval period’s most challenging and mysterious figures.
653 _aGender
653 _aJoan Of Arc
653 _aMedieval History
653 _aPoetry
653 _aTrans Studies
700 1 _aŽigon, Tina
856 _uhttps://library.oapen.org/bitstream/20.500.12657/25445/1/1004650.pdfhttp://library.oapen.org/handle/20.500.12657/25445
942 _cE-BOOK
999 _c61698
_d61698